The Marketing Book / Second Edition (Record no. 1517)
[ view plain ]
| 000 -LEADER | |
|---|---|
| fixed length control field | 01315cam a22002174a 4500 |
| 005 - ΗΜΕΡΟΜΗΝΙΑ ΚΑΙ ΩΡΑ ΤΕΛΕΥΤΑΙΑΣ ΕΝΗΜΕΡΩΣΗΣ | |
| Πεδίο ελέγχου | 20250605164011.0 |
| 008 - FIXED-LENGTH DATA ELEMENTS--GENERAL INFORMATION | |
| Πεδίο ελέγχου σταθερού μήκους | 250528s ||||||||||||||||||||||||d |
| 035 ## - SYSTEM CONTROL NUMBER | |
| System control number | 15970 |
| 020 ## - ISBN | |
| ISBN | 750600233 |
| 040 ## - ΠΗΓΗ ΚΑΤΑΛΟΓΟΓΡΑΦΗΣΗΣ | |
| Φορέας πρωτότυπης καταλογογράφησης | MC Athens Campus Library |
| Γλώσσα καταλογογράφησης | Ελληνικά, Μοντέρνα (1453-) |
| Modifying agency | MC Athens Campus Library |
| Κανόνες περιγραφικής καταλογογράφησης | AACR2 |
| 245 1# - ΤΙΤΛΟΣ ΚΑΙ ΔΗΛΩΣΗ ΥΠΕΥΘΥΝΟΤΗΤΑΣ | |
| Τίτλος | The Marketing Book / Second Edition |
| 250 ## - EDITION STATEMENT | |
| Edition statement | 2nd |
| 260 ## - PUBLICATION, DISTRIBUTION, ETC. | |
| Name of publisher, distributor, etc. | Butterworth Heinemann, |
| Date of publication, distribution, etc. | 1991 |
| 300 ## - PHYSICAL DESCRIPTION | |
| Extent | 530 |
| 505 0# - FORMATTED CONTENTS NOTE | |
| Formatted contents note | Organizing and Planning for Marketing, Marketing Strategy, Organization for Marketing, The Framework of Marketing, Consumer Behaviour, Market Research, Computers in Marketing, Managing the Marketing Function, Pricing, Selling, Branding, Promotion, Controlling Marketing, The Application of Marketing, Industrial Marketing, Marketing Services, Marketing for Small Businesses, The Pursuit of Quality, Index. |
| 520 ## - SUMMARY, ETC. | |
| Summary, etc. | Organizing and Planning for Marketing, Marketing Strategy, Organization for Marketing, The Framework of Marketing, Consumer Behaviour, Market Research, Computers in Marketing, Managing the Marketing Function, Pricing, Selling, Branding, Promotion, Controlling Marketing, The Application of Marketing, Industrial Marketing, Marketing Services, Marketing for Small Businesses, The Pursuit of Quality, Index. |
| 700 1# - ΠΡΟΣΘΕΤΗ ΑΝΑΓΡΑΦΗ--ΦΥΣΙΚΟ ΠΡΟΣΩΠΟ | |
| Personal name | Baker J. Michael |
| 9 (RLIN) | 1982 |
| 942 ## - ADDED ENTRY ELEMENTS (KOHA) | |
| Koha item type | Books |
| Τύπος τεκμηρίου | Βιβλιοθήκη | Τρέχουσα τοποθεσία | Barcode | Αριθμός εισαγωγής | Ημερομηνία απόκτησης | Ταξιθετικό σύμβολο | Αριθμός αντιτύπου | Κατάσταση απόσυρσης | Κατάσταση χαμένου | Κατάσταση κατεστραμμένου | Μη δανεισμός | Σύνολο δανεισμών | Ημερομηνία τελευταίας εμφάνισης | Η τιμή ισχύει από |
|---|---|---|---|---|---|---|---|---|---|---|---|---|---|---|
| Books | MC Athens Campus Library | MC Athens Campus Library | 9780000015167 | 2591 | 05/06/2025 | 658.8 BAK | 1 | 05/06/2025 | 05/06/2025 |